[Event "Pfalz op-B 11th"]
[Site "Neustadt an der Weinstrasse"]
[Date "2020.02.24"]
[Round "7"]
[White "Oberhofer, Marie"]
[Black "Laag, Pascal Benedikt"]
[Result "1-0"]
[WhiteElo "1739"]
[BlackElo "1667"]
[PlyCount "29"]
[EventDate "2020.02.21"]
[EventType "swiss"]
[EventRounds "7"]
[EventCountry "GER"]
[SourceTitle "CBM 195 Extra"]
[Source "ChessBase"]
[SourceDate "2020.05.31"]
[SourceVersion "1"]
[SourceVersionDate "2020.05.31"]
[SourceQuality "1"]

1. e4 e6 2. d4 d5 3. e5 c5 4. c3 Qb6 5. a3 Nc6 6. Nf3 a5 7. a4 Nh6 8. Na3 cxd4 9. cxd4 Nf5 10. Nb5 Rb8 11. Bd3 Bb4+ 12. Bd2 Nfxd4 13. Nfxd4 Nxd4 14. Bxb4 Bd7 15. Nd6+ 1-0

[Event "GER-ch U25-B"]
[Site "Willingen"]
[Date "2018.05.20"]
[Round "1"]
[White "Laag, Pascal Benedikt"]
[Black "Graf, Maria"]
[Result "1-0"]
[WhiteElo "1678"]
[BlackElo "1458"]
[PlyCount "55"]
[EventDate "2018.05.19"]
[EventType "swiss"]
[EventRounds "9"]
[EventCountry "GER"]
[SourceTitle "CBM 184 Extra"]
[Source "ChessBase"]
[SourceDate "2018.06.28"]
[SourceVersion "1"]
[SourceVersionDate "2018.06.28"]
[SourceQuality "1"]

1. e4 d5 2. exd5 Qxd5 3. Nc3 Qa5 4. d4 c6 5. Bc4 Nf6 6. Nf3 Bg4 7. Bd2 Qc7 8. Qe2 e6 9. h3 Bh5 10. Bb3 Nbd7 11. d5 cxd5 12. Bxd5 Nxd5 13. Nxd5 Qc6 14. Nb4 Qd6 15. Rd1 Be7 16. Bc3 Qb6 17. a3 f6 18. 0-0 a5 19. Bd4 Nc5 20. Nd3 Ra6 21. b4 axb4 22. axb4 Ra4 23. Nxc5 Ra3 24. Nxe6 Bxf3 25. gxf3 Qc6 26. c3 Kf7 27. Rfe1 Ra6 28. Nc5 1-0

[Event "Pfalz-ch HT1 86th"]
[Site "Wolfstein"]
[Date "2017.04.14"]
[Round "5"]
[White "Laag, Pascal Benedikt"]
[Black "Wilk, Jan"]
[Result "0-1"]
[WhiteElo "1469"]
[BlackElo "1781"]
[PlyCount "42"]
[EventDate "2017.04.07"]
[EventType "swiss"]
[EventRounds "7"]
[EventCountry "GER"]
[SourceTitle "EXT 2018"]
[Source "ChessBase"]
[SourceDate "2017.10.13"]
[SourceVersion "1"]
[SourceVersionDate "2017.10.13"]
[SourceQuality "1"]

1. d4 g6 2. c4 Bg7 3. Nf3 c5 4. e3 Nc6 5. Be2 d6 6. a3 Qb6 7. d5 Ne5 8. Nc3 Bd7 9. Qc2 e6 10. Rb1 Ne7 11. e4 0-0 12. Nxe5 Bxe5 13. f4 Bd4 14. b4 Rab8 15. Na4 Qc7 16. b5 exd5 17. exd5 Bf5 18. Bd3 Bxd3 19. Qxd3 Qa5+ 20. Qd2 Qxa4 21. Bb2 Bxb2 0-1